000 01110nam a2200289 a 4500
999 _c461219
_d461219
003 BLK
005 20250801123432.0
008 180411b bul|||||r ||||||| ||bul||
020 _a9786197560176
040 _aBLK
041 _aBUL
_cBUL
080 _aАмериканска литература (на САЩ)
_b821.111(73)
_x-93-32
_z821.111(73)-93-32
100 1 _aКини, Джеф
_eпърви автор
_9309890
139 _aКини, Джеф
_bК 54
245 1 0 _aДневникът на един Дръндьо
_bЧ. 1 -
_cДжеф Кини ; прев. Михаил Балабанов.
_nЧ. 16
_pНа висота
257 _aUSA
260 _aСофия
_bДУО ДИЗАЙН
_c2022
300 _a218 с.
_bс ил.
_c21 см
380 _aDX
500 _aОриг. загл.: Diary of Wimpy kid: Big Shot / Jeff Kinney.
700 _aБалабанов, Михаил Петров
_eпрев.
_9443003
852 _bД
_c821-93/К 54 Д
856 _i0.00
_ldisable
942 _cKNG
_n0
_0381
_s1
944 _aCR
_c2022-06-15
_k30564
_lАнна Гръцманова
999 _d461219